| 000 | 00407nam a22001577a 4500 | ||
|---|---|---|---|
| 003 | OSt | ||
| 005 | 20211109092336.0 | ||
| 008 | 211109b |||||||| |||| 00| 0 eng d | ||
| 020 | _a0-11-710265-2 | ||
| 040 | _cHawassa University | ||
| 050 |
_a634.999/FAR _b1 |
||
| 082 |
_a634.999/FAR _b1 |
||
| 245 | _aFarm Woodland Practice | ||
| 260 |
_aLondon _bHer Majestys Stationary _c1988 |
||
| 942 |
_2ddc _cBOOKS _n0 |
||
| 999 |
_c17204 _d17204 |
||